| 000 -LEADER |
| fixed length control field |
01416 a2200229 4500 |
| 003 - CONTROL NUMBER IDENTIFIER |
| control field |
Nust |
| 005 - DATE AND TIME OF LATEST TRANSACTION |
| control field |
20220802124558.0 |
| 010 ## - LIBRARY OF CONGRESS CONTROL NUMBER |
| LC control number |
2003063761 |
| 020 ## - INTERNATIONAL STANDARD BOOK NUMBER |
| International Standard Book Number |
0471467375 |
| 040 ## - CATALOGING SOURCE |
| Transcribing agency |
Nust |
| 082 00 - DEWEY DECIMAL CLASSIFICATION NUMBER |
| Classification number |
621.301,ZAR |
| 100 1# - MAIN ENTRY--PERSONAL NAME |
| Personal name |
Zarowski, Christopher J. |
| 9 (RLIN) |
55700 |
| 245 13 - TITLE STATEMENT |
| Title |
An introduction to numerical analysis for electrical and computer engineers / |
| Statement of responsibility, etc. |
Christopher J. Zarowski. |
| 260 ## - PUBLICATION, DISTRIBUTION, ETC. |
| Place of publication, distribution, etc. |
Hoboken, NJ : |
| Name of publisher, distributor, etc. |
Wiley, |
| Date of publication, distribution, etc. |
c2004. |
| 300 ## - PHYSICAL DESCRIPTION |
| Extent |
xvi, 586 p. : |
| Other physical details |
ill. ; |
| Dimensions |
24 cm. |
| 505 ## - FORMATTED CONTENTS NOTE |
| Formatted contents note |
Functional Analysis Ideas (Page-1), Number Representations (Page-38), Sequences and Series (Page-63), Linear Systems of Equations (Page-127), Orthogonal Polynomials (Page-207), Interpolation (Page- 251), Nonlinear Systems of Equations (Page-290), Unconstrained Optimization (Page-341), Numerical Integration and Differentiation (Page-369), Numerical Solution of Ordinary Differential Equations (Page-415), Numerical Methods for Eigenproblems (Page-480), Numerical Solution of Partial Differential Equations (Page-525), An Introduction to MATLAB (Page-565), |
| 650 #0 - SUBJECT ADDED ENTRY--TOPICAL TERM |
| Topical term or geographic name entry element |
Telecommunication Engineering. |
| 856 42 - ELECTRONIC LOCATION AND ACCESS |
| Materials specified |
Contributor biographical information |
| Uniform Resource Identifier |
<a href="http://www.loc.gov/catdir/bios/wiley046/2003063761.html">http://www.loc.gov/catdir/bios/wiley046/2003063761.html</a> |
| 856 42 - ELECTRONIC LOCATION AND ACCESS |
| Materials specified |
Publisher description |
| Uniform Resource Identifier |
<a href="http://www.loc.gov/catdir/description/wiley041/2003063761.html">http://www.loc.gov/catdir/description/wiley041/2003063761.html</a> |
| 856 42 - ELECTRONIC LOCATION AND ACCESS |
| Materials specified |
Table of contents |
| Uniform Resource Identifier |
<a href="http://www.loc.gov/catdir/toc/wiley041/2003063761.html">http://www.loc.gov/catdir/toc/wiley041/2003063761.html</a> |
| 942 ## - ADDED ENTRY ELEMENTS (KOHA) |
| Koha item type |
Reference |
| Source of classification or shelving scheme |
|